| 000 | 00613nam a22001937a 4500 | ||
|---|---|---|---|
| 999 |
_c182667 _d182667 |
||
| 005 | 20211201122200.0 | ||
| 010 | _aUR-11343 | ||
| 020 |
_c350.00 _a9789390789979 |
||
| 035 | _aU-9898 | ||
| 037 | _bDBAD/PUB | ||
| 082 | _a841 | ||
| 100 | _aعا ر ف حسن خا ن | ||
| 245 |
_aد يو ا ن عا ر ف _cعا ر ف حسن خا ن |
||
| 246 |
_aDewan-e-Arif Urdu) _bby Arif Hasan Khan |
||
| 260 |
_aN.Delhi _c2021 ء _bEducational Publishing House |
||
| 270 |
_aD1/16,Ansari Road,Darya Ganj, _bNew Delhi _e110002 _l - |
||
| 300 |
_a256 ص _c22 Cm(Hb) |
||
| 942 |
_2ddc _cUR _h841 _mع ا ر |
||